000 00255nam a2200097Ia 4500
001 979952
005 20251229153009.0
008 250824s9999 xx 000 0 und d
245 0 _aMUCİZELER DÜKKANINA DÖNÜŞ
_cDEBBIE MACOMBER
260 _bMARTI YAYINCILIK
999 _c979952
_d979952